Opakované hry, ich riešenie a aplikačné možnosti diplomová práca

Gespeichert in:
Bibliographische Detailangaben
1. Verfasser: Matiašovic, Róbert
Körperschaft: Fakulta hospodárskej informatiky EU. Katedra operačného výskumu a ekonometrie
Weitere Verfasser: Čičková, Zuzana, 1978-
Format: Buch
Sprache:Slowakisch
Veröffentlicht: Bratislava 2017
Tags: Tag hinzufügen
Keine Tags, Fügen Sie das erste Tag hinzu!

MARC

LEADER 00000nbm a2200000 4500
001 0230913
005 20180215145413.1
041 0 |a slo 
044 |a SK 
245 1 0 |a Opakované hry, ich riešenie a aplikačné možnosti  |b diplomová práca  |c Róbert Matiašovic ; školiteľ: Zuzana Čičková 
264 1 |a Bratislava  |c 2017 
300 |a 60 s. 
100 1 |a Matiašovic, Róbert 
700 1 |a Čičková, Zuzana, 1978- 
710 2 |a Fakulta hospodárskej informatiky EU. Katedra operačného výskumu a ekonometrie